| 000 | 00554nam a22001577a 4500 | ||
|---|---|---|---|
| 003 | OSt | ||
| 005 | 20150912104525.0 | ||
| 008 | 150912b xxu||||| |||| 00| 0 eng d | ||
| 040 | _cRUA | ||
| 082 | _aAGR ម៉ី 1995 B015 Or.1 | ||
| 100 |
_9298 _aម៉ី មុនីសេដ្ឋា |
||
| 245 | _aការអភិវឌ្ឍន៍សហគមន៍នៅខេត្តបន្ទាយមានជ័យ (community development in banteay meanchey province) | ||
| 260 |
_aPhnom Penh _bRUA _c1995 |
||
| 300 |
_a67p. _bill. _c29cm. |
||
| 942 |
_2ddc _cAGR |
||
| 999 |
_c276 _d276 |
||